Munkaerőpiaci tükör 2011
Uložené v:
| Korporativný autor: | |
|---|---|
| Médium: | Kniha |
| Jazyk: | Hungarian |
| Vydavateľské údaje: |
Budapest
MTA Közgazdaságtudományi Intézet Országos Foglalkoztatási Közalapítvány
2011
|
| Predmet: | |
| Tagy: |
Žiadne tagy, Buďte prvý, kto otaguje tento záznam!
|
MARC
| LEADER | 00000nam$a2200000$$$4500 | ||
|---|---|---|---|
| 001 | 0146002 | ||
| 005 | 20230314071743.6 | ||
| 022 | |a 1586-460X | ||
| 041 | 0 | |a hun | |
| 044 | |a HU | ||
| 245 | 1 | 0 | |a Munkaerőpiaci tükör 2011 |
| 264 | 1 | |a Budapest |b MTA Közgazdaságtudományi Intézet Országos Foglalkoztatási Közalapítvány |c 2011 | |
| 300 | |a 359 s. | ||
| 610 | 2 | 0 | |a trh práce |
| 610 | 2 | 0 | |a zamestnanosť |
| 710 | 2 | |a Hungarian Academy of Sciences. Institute of Economics | |